00828nam a22001937a 4500020001800000082001900018100003000037245009000067260004300157300001000200563000800210650002800218650001900246650002600265942001200291999001900303952015600322952015600478 a9781647084202 a808.06634bTIS a Tiscione, Kristen Konrad aLegal writing : from advice to advocacy :cKristen Konradb a contemporary approach / aUSA:bWest academic publishing,c2021. a588p. aP.B aPractice of law9114437 aTrial practice aLaw--Language9114438 2ddccBK c595503d595503 00102ddc406808_066340000000000_TIS709621537aNLSbNLSd2023-08-12eGolden Booksl1o808.06634 TISpCL-1494r2025-03-21s2023-09-13w2023-08-12yBK 00102ddc406808_066340000000000_TIS709621538aNLSbNLSd2023-08-12eGolden Booksl2o808.06634 TISpCL-1493r2024-07-08s2024-05-02w2023-08-12yBK